000 nam a22 a 4500
999 _c4064
_d4064
003 AKMAL
005 20170525090524.0
008 170525s2001 my e 00 may d
020 _a9679373991
040 _aAKMAL
_cAKMAL
082 0 4 _a923.2595 YUS
_221
090 _a923.2595
_bYUS
100 0 _aYusof Harun
_97944
245 1 0 _aDr. Mahathir Mohamad :
_bperjuangan tanpa sempadan /
_cYusof Harun
260 _aKuala Lumpur :
_bPustaka Antara ,
_c2001
300 _axxxii, 432ms. :
_c24cm
500 _aTeks dalam bahasa Malaysia dan bahasa Inggeris
600 0 0 _aMahathir bin Mohamad,
_cDato' Seri,
_d1925-
_95
650 1 0 _aPrime ministers
_zMalaysia
_vBiography
_947
650 2 0 _aPoliticians
_zMalaysia
_vBiography
_9215
651 0 _aMalaysia
_xPolitics and government
_944
942 _2ddc
_cBOOK